Matemáticas. Curso preuniversitario

Saved in:
Bibliographic Details
Format: Unknown
Language:Spanish
Published: Madrid Bruño 1962
Textbook Catalogue:MANES:  Library Catalog Search Result
Textbook Classification:
Tags: Add Tag
No Tags, Be the first to tag this record!
Added to:2016-04-26

MARC

LEADER 000000000a22000000004500
001 01217
003 OSt
008 160427s sp ||||| |||| 00| 0 spa d
040 |c centro_manes 
041 1 |a spa 
691 0 |a SE 
245 0 0 |a Matemáticas. Curso preuniversitario 
260 3 |a Madrid  |b Bruño  |c 1962 
300 |a 340 p.  |c 22x17 cm 
500 |a Fecha de publicación tomada del Copyright 
690 0 |a MATE 
942 |2 ddc  |c BK 
546 |a España 
999 |c 7191  |d 7191 
999 |c manes:7191  |d 7191